| 000 | 00929nam a2200217 a 4500 | ||
|---|---|---|---|
| 005 | 20210219150550.0 | ||
| 008 | 991125s1950 mx 000 0 spa u | ||
| 035 | _aUPN01000016681 | ||
| 049 | _aSEP | ||
| 050 | 4 |
_aNX821 M6 _bI5.4 1949 |
|
| 245 | 0 | 0 | _aDos años y medio del INBA |
| 260 |
_aMéxico : _bINBA, _c1950 |
||
| 300 | _a5 v. | ||
| 500 | _a"Informe presentado por el INBA de la SEP, sobre sus actividades realizadas de enero de 1947 a junio 1949" | ||
| 500 | _aLa biblioteca tiene los v. 1, 2 y 3 | ||
| 505 | _aContenido: v.1. Dirección General ; Subdirección ; Departamento Administrativo -- v.2. Departamento de Música -- v.3.Departamento de Teatro y Literatura ; Departamento de Producción Teatral -- v.4. Departamento de Artes Plást | ||
| 610 | 2 | 4 |
_aINSTITUTO NACIONAL DE BELLAS ARTES, MEXICO- _vINFORMES |
| 710 | 2 | _aInstituto Nacional de Bellas Artes (México) | |
| 904 |
_aAC _b016682 |
||
| 905 | _aLibro | ||
| 999 |
_c16681 _d16681 |
||